MARC

LEADER 00000nam0a2200000 4500
001 131467
005 20260205095215.0
010 |a 5235009657 
035 |a (RuTPU)RU\TPU\book\142391 
090 |a 131467 
100 |a 20080218d1990 m y0rusy50 ca 
101 0 |a rus 
102 |a RU 
105 |a y z 000ay 
200 1 |a Отвоевались!  |f О. (А.) Адамович 
210 |a Москва  |c Молодая гвардия  |d 1990 
215 |a 256 с. 
606 |a Русская литература современная  |9 50316 
610 1 |a советская литература 
610 1 |a публицистика 
675 |a Р2  |v 3 
700 1 |a Адамович  |b О. (А.)  |c белорусский писатель  |c полное имя Александр Михайлович  |f 1927-1994  |g Олесь (Алесь)  |3 (RuTPU)RU\TPU\pers\12411  |9 3419 
801 1 |a RU  |b 63413507  |c 20080218  |g PSBO 
801 2 |a RU  |b 63413507  |c 20200124  |g RCR 
942 |c BK